Marvel Cinematic Universe + Future - Statistiken

Allgemein
  • Dieses Quiz wurde 2.192 mal gespielt
    540 seit der letzten Aktualisierung
  • Das Durchschnittsergebnis liegt bei 32 aus 66
Antwortstatistiken
Nr. Film/Serie Erscheinungsdatum % Korrekt
1 Iron Man 14. April 2008
98%
3 Iron Man 2 26. April 2010
96%
7 Iron Man 3 12. April 2013
96%
4 Thor 17. April 2011
94%
5 Captain America: The First Avenger 19. Juli 2011
93%
2 Der unglaubliche Hulk 06. Juni 2008
93%
22 Avengers: Endgame 22. April 2019
88%
6 Marvel's The Avengers 11. April 2012
88%
48 Your Friendly Neighborhood Spider-Man November 2024
87%
19 Avengers: Infinity War 23. April 2018
84%
11 Avengers: Age of Ultron 13. April 2015
78%
13 The First Avenger: Civil War 12. April 2016
76%
12 Ant-Man 29. Juni 2015
75%
27 Black Widow 29. Juni 2021
74%
18 Black Panther 29. Januar 2018
73%
20 Ant-Man and the Wasp 25. Juni 2018
72%
21 Captain Marvel 27. Februar 2019
71%
10 Guardians of the Galaxy 21. Juli 2014
69%
23 Spider-Man: Far From Home 26. Juni 2019
69%
14 Doctor Strange 13. Oktober 2016
68%
15 Guardians of the Galaxy Vol. 2 10. April 2017
68%
32 Spider-Man: No Way Home 13. Dezember 2021
67%
17 Thor: Tag der Entscheidung 10. Oktober 2017
67%
16 Spider-Man: Homecoming 28. Juni 2017
65%
41 Guardians of the Galaxy Vol. 3 22. April 2023
64%
26 Loki 09. Juni 2021
64%
36 Thor: Love and Thunder 23. Juni 2022
62%
24 WandaVision 15. Januar 2021
60%
9 The Return of the First Avenger 13. März 2014
58%
31 Hawkeye 24. November 2021
56%
8 Thor - The Dark Kingdom 22. Oktober 2013
55%
25 The Falcon and the Winter Soldier 19. März 2021
53%
34 Doctor Strange in the Multiverse of Madness 02. Mai 2022
52%
43 The Marvels 10. November 2023
52%
30 Eternals 18. Oktober 2021
50%
40 Ant-Man and the Wasp: Quantumania 06. Februar 2023
47%
39 Black Panther: Wakanda Forever 26. Oktober 2022
47%
46 Deadpool & Wolverine 26. Juli 2024
45%
29 Shang-Chi and the Legend of the Ten Rings 16. August 2021
43%
38 She-Hulk: Die Anwältin 18. August 2022
42%
35 Ms. Marvel 08. Juni 2022
36%
54 Fantastic Four 25. Juli 2025
33%
33 Moon Knight 30. März 2022
33%
28 What If ...? 11. August 2021
33%
50 Thunderbolts 02. Mai 2025
32%
53 Daredevil: Born Again März 2025
29%
58 Avengers: Secret Wars 07. Mai 2027
28%
49 Captain America: Brave New World 14. Februar 2025
28%
47 Agatha All Along 18. September 2024
25%
44 Echo 10. Januar 2024
22%
42 Secret Invasion 21. Juni 2023
21%
62 Unbekannter X-Men-Film TBA
20%
45 X-Men '97 Frühjahr 2024
20%
56 Ironheart 2025
18%
57 Avengers 5 01. Mai 2026
14%
55 Blade 07. November 2025
14%
61 Spider-Man 4 TBA
13%
37 I Am Groot 10. August 2022
12%
59 Shang-Chi 2 TBA
7%
60 Armor Wars TBA
5%
51 Marvel Zombies 2024
5%
66 VIsion Quest TBA
5%
64 Wonder-Man-Serie TBA
5%
52 Eyes of Wakanda 2024
4%
65 Okoye-Serie TBA
4%
63 Spider-Man: Sophomore Year TBA
0%
Keine übereinstimmenden Quizze gefunden
Verteilung der Resultate
Anzahl Personen mit jedem Resultat
Perzentil nach korrekt beantworteten Fragen
Ihre Resultats-Entwicklung
Sie haben dieses Quiz seit der letzten Aktualisierung nicht gespielt